Statistics for Horror Words - Vocabulary Quiz

Click here to take the quiz!

General Stats

  • This quiz has been taken 823 times
  • The average score is 7 of 8

Answer Stats

QuestionAnswer% Correct
Inexplicable (adj)Can't be explained.
92%
Stupefied (adj)Atonished and shocked, Unable to think as a result.
88%
Spectral (adj)Word used to describe a ghostly figure.
87%
Neuroses (n, pl.)Exaggerated anxieties of the mind.
83%
Foreboding (n)The feeling something bad will happen.
83%
Bodement (n)A foreboding; presentiment or prophecy
76%
Stupendous (adj)Causing amazement; astounding; marvelous.
75%
Explication (v)To unfold; to make the meaning clear, explain
68%

Score Distribution

Percentile by Number Answered

Percent of People with Each Score

Your Score History

You have not taken this quiz